Reflexiones actuales sobre las garantías unilaterales en el CCyCo. y en el derecho comparado (Registro nro. 32002)

Detalles MARC
000 -LEADER
fixed length control field 00381 a2200109 4500
001 - CONTROL NUMBER
control field ART_55459
005 - DATE AND TIME OF LATEST TRANSACTION
control field 20260410162009.0
008 - FIXED-LENGTH DATA ELEMENTS--GENERAL INFORMATION
fixed length control field 260409a
100 1# - MAIN ENTRY--PERSONAL NAME
Personal name Boretto, Mauricio
245 10 - TITLE STATEMENT
Title Reflexiones actuales sobre las garantías unilaterales en el CCyCo. y en el derecho comparado
773 0# - HOST ITEM ENTRY
Title Temas de derecho civil
Related parts - Año 8, N° 3 (mar. 2022)
Record control number REV34778

No hay ítems disponibles.